Accounting for Non-Accountants
Guardado en:
| Autor principal: | |
|---|---|
| Formato: | Libro |
| Lenguaje: | inglés |
| Publicado: |
London
Pan Books
1984
|
| Edición: | 1. ed. |
| Etiquetas: |
Sin Etiquetas, Sea el primero en etiquetar este registro!
|
MARC
| LEADER | 00000nam a2200000 4500 | ||
|---|---|---|---|
| 001 | c024141 | ||
| 005 | 20221220090420.1 | ||
| 041 | 0 | |a eng | |
| 044 | |a GB | ||
| 245 | 1 | 0 | |a Accounting for Non-Accountants |c Graham Mott |
| 250 | |a 1. ed. | ||
| 264 | 1 | |a London |b Pan Books |c 1984 | |
| 300 | |a 222 s. | ||
| 100 | 1 | |a Mott, Graham | |